Größte Städte in Schwaben - Statistiken

Allgemein
  • Dieses Quiz wurde 229 mal gespielt
  • Das Durchschnittsergebnis liegt bei 13 aus 20
Antwortstatistiken
Einwohner Kreis Stadt % Korrekt
296.582 kreisfrei Augsburg
98%
58.978 Neu-Ulm Neu-Ulm
95%
25.512 Lindau (Bodensee) Lindau (Bodensee)
90%
69.151 kreisfrei Kempten (Allgäu)
89%
21.028 Günzburg Günzburg
88%
19.149 Dillingen an der Donau Dillingen an der Donau
83%
44.100 kreisfrei Memmingen
83%
21.470 Aichach-Friedberg Aichach
78%
29.979 Aichach-Friedberg Friedberg
78%
44.398 kreisfrei Kaufbeuren
78%
19.590 Donau-Ries Donauwörth
60%
20.546 Donau-Ries Nördlingen
52%
28.059 Augsburg Königsbrunn
50%
21.619 Oberallgäu Sonthofen
49%
17.482 Neu-Ulm Illertissen
44%
22.451 Augsburg Gersthofen
42%
18.725 Ostallgäu Marktoberdorf
37%
22.335 Augsburg Neusäß
37%
22.529 Neu-Ulm Senden
36%
17.307 Augsburg Bobingen
35%
Keine übereinstimmenden Quizze gefunden
Verteilung der Resultate
Anzahl Personen mit jedem Resultat
Perzentil nach korrekt beantworteten Fragen
Ihre Resultats-Entwicklung
Sie haben dieses Quiz noch nicht gespielt